| 000 | 00472nam a22001817a 4500 | ||
|---|---|---|---|
| 003 | CEME | ||
| 005 | 20210628210742.0 | ||
| 008 | 210212b xxu||||| |||| 00| 0 eng d | ||
| 020 | _a1-56676-626-5 | ||
| 040 | _c. | ||
| 082 | _a620.0042 DHI | ||
| 100 |
_aDhillon, B.S _956117 |
||
| 245 | _aAdvanced design concepts for engineers | ||
| 260 |
_aUSA _bTECHNOMIC PUBLISHER _c1998 |
||
| 300 | _aXI,244P | ||
| 650 |
_aDESIGN CONCEPTS FOR ENGINEERS _980861 |
||
| 942 |
_cBK _2ddc |
||
| 999 |
_c585714 _d585714 |
||